[Event "52nd World U20 ch"]
[Site "Kocaeli TUR"]
[Date "2013.09.13"]
[Round "1.6"]
[White "Salem, A. R. Saleh"]
[Black "Barros Rivadeneira, Cristhian"]
[Result "1-0"]
[WhiteElo "2570"]
[BlackElo "2271"]
[EventDate "2013.09.13"]
[PlyCount "79"]

1.d4 Nf6 2.c4 g6 3.Nc3 Bg7 4.e4 d6 5.f3 O-O 6.Be3 e5 7.d5 a5 8.Bd3 Na6 9.
Nge2 c6 10.Na4 Nd7 11.O-O Ndc5 12.Nec3 Nxd3 13.Qxd3 c5 14.Qd2 Rb8 15.Bh6 
b6 16.Bxg7 Kxg7 17.f4 exf4 18.Rxf4 Nc7 19.Raf1 Qe7 20.e5 Qxe5 21.Re4 Qh5 
22.Qf4 b5 23.Nxc5 dxc5 24.Qxc7 Bf5 25.Re7 bxc4 26.Rf2 Qh4 27.Qxc5 Kg8 28.
d6 Qg5 29.Re1 Rfe8 30.Rd1 Qe3 31.Qxe3 Rxe3 32.Nd5 Rd3 33.Rxd3 Bxd3 34.Ne7+
Kg7 35.Nc6 Re8 36.h3 Be4 37.d7 Bxc6 38.dxe8=Q Bxe8 39.Rf4 Bb5 40.Rd4 1-0

[Event "52nd World U20 ch"]
[Site "Kocaeli TUR"]
[Date "2013.09.13"]
[Round "1.27"]
[White "Meza Ponce, Jerry"]
[Black "Dimitrov, Radoslav"]
[Result "0-1"]
[WhiteElo "2047"]
[BlackElo "2437"]
[EventDate "2013.09.13"]
[PlyCount "112"]

1.e4 c5 2.Nf3 Nc6 3.d3 g6 4.g3 Bg7 5.Bg2 d6 6.O-O e5 7.Nc3 Nge7 8.a3 O-O 
9.Rb1 a5 10.Nd2 Be6 11.Nc4 Nd4 12.Nd5 b5 13.Nce3 Nxd5 14.exd5 Bd7 15.c3 
Nf5 16.Nxf5 Bxf5 17.g4 Bd7 18.b4 cxb4 19.axb4 Qh4 20.bxa5 Bxg4 21.f3 Bd7 
22.Ba3 Rxa5 23.Bxd6 Rc8 24.Qb3 Bf5 25.Rfd1 Ra6 26.Qb4 Qd8 27.Be7 Qxd5 28.
Qxb5 Qxb5 29.Rxb5 Rxc3 30.Bc5 h5 31.Bf1 Ra2 32.Bd6 Bd7 33.Rb8+ Kh7 34.Re1 
Rcc2 35.Rb7 Be6 36.Bxe5 Bxe5 37.Rxe5 Kh6 38.Rb1 Rxh2 39.Rbe1 Rhd2 40.R1e2 
Bf5 41.Kf2 Kg5 42.Ke3 Rxd3+ 43.Kf2 Rdd2 44.Rxd2 Rxd2+ 45.Ke3 Rb2 46.f4+ 
Kg4 47.Be2+ Rxe2+ 48.Kxe2 Kxf4 49.Re7 Be6 50.Kf2 h4 51.Rb7 g5 52.Rb4+ Ke5 
53.Kg2 g4 54.Rb5+ Bd5+ 55.Kh2 f5 56.Ra5 f4 0-1

[Event "52nd World U20 ch"]
[Site "Kocaeli TUR"]
[Date "2013.09.14"]
[Round "2.41"]
[White "Barros Rivadeneira, Cristhian"]
[Black "Temizkan, Denizcan"]
[Result "1/2-1/2"]
[WhiteElo "2271"]
[BlackElo "1921"]
[EventDate "2013.09.13"]
[PlyCount "184"]

1.d4 d5 2.Nf3 Nf6 3.c4 c6 4.Nc3 e6 5.cxd5 exd5 6.Bg5 Be7 7.e3 Nbd7 8.Bd3 
O-O 9.Qc2 Re8 10.O-O Nf8 11.Rab1 g6 12.b4 Ne6 13.Bh4 Ng4 14.Bg3 Bd6 15.
Bxd6 Qxd6 16.h3 Nf6 17.Ne5 Nd7 18.Nf3 Nf6 19.Rfc1 Kg7 20.Na4 Bd7 21.Nc5 
Nxc5 22.dxc5 Qe7 23.b5 cxb5 24.Bxb5 Bf5 25.Bd3 Bxd3 26.Qxd3 Rac8 27.Qb5 
Ne4 28.Qxb7 Rxc5 29.Rxc5 Qxc5 30.Nd4 Qc3 31.Qxd5 Qc5 32.Qxc5 Nxc5 33.Rc1 
Ne6 34.Nb5 a6 35.Nd6 Rd8 36.Rc6 a5 37.g3 a4 38.Nc4 Rd5 39.Ra6 Nc5 40.Ra5 
f5 41.Kg2 Kf6 42.Nb6 Rd6 43.Nxa4 Ne4 44.Nc5 Nc3 45.Ra3 Nd1 46.Rd3 Rxd3 47.
Nxd3 Nc3 48.a3 Ke6 49.Kf3 Kd5 50.Kf4 Kc4 51.Nc1 Ne4 52.f3 Nf2 53.Kg5 Nxh3+
54.Kh6 g5 55.Kxh7 f4 56.exf4 gxf4 57.gxf4 Nxf4 58.Kh6 Kb5 59.Kg5 Ne6+ 60.
Kf6 Nd4 61.f4 Ka4 62.Ke5 Nf3+ 63.Ke4 Nh4 64.Nd3 Kxa3 65.Ne5 Kb4 66.Nf3 Ng6
67.f5 Nf8 68.Kd5 Nd7 69.Ke6 Nc5+ 70.Ke7 Ne4 71.Ke6 Kc5 72.Ke5 Nf2 73.Ke6 
Ne4 74.Ke5 Nf2 75.Nd2 Ng4+ 76.Ke6 Kd4 77.Nb3+ Ke4 78.Nc5+ Kf4 79.Nd7 Nf2 
80.Kf6 Ne4+ 81.Kg6 Ke3 82.Nb8 Kd4 83.Nc6+ Kd5 84.Nb4+ Kd6 85.Nd3 Ke7 86.
Ne5 Kf8 87.Nd7+ Ke7 88.Nb6 Kf8 89.Nd5 Nd6 90.f6 Ne4 91.f7 Nd6 92.Kf6 Nxf7 
1/2-1/2

[Event "52nd World U20 ch"]
[Site "Kocaeli TUR"]
[Date "2013.09.14"]
[Round "2.57"]
[White "Garcia Herrera, Enrique"]
[Black "Meza Ponce, Jerry"]
[Result "0-1"]
[WhiteElo "1653"]
[BlackElo "2047"]
[EventDate "2013.09.13"]
[PlyCount "76"]

1.Nf3 Nf6 2.c4 g6 3.g3 Bg7 4.Bg2 O-O 5.O-O d6 6.Nc3 e5 7.d3 a5 8.a3 Nbd7 
9.Qc2 Nh5 10.Rb1 f5 11.b4 c6 12.b5 Nc5 13.Nd2 Bd7 14.a4 g5 15.Ba3 Rf6 16.
Nb3 Bf8 17.Nxc5 dxc5 18.Qd2 Rh6 19.Qe3 Qf6 20.bxc6 bxc6 21.Bxc5 f4 22.gxf4
gxf4 23.Qf3 Bxc5 24.Ne4 Qf8 25.Rb7 Bf5 26.Nxc5 Qxc5 27.Rfb1 Rc8 28.Bh3 Qf8
29.Ra7 Rg6+ 30.Kf1 Ng3+ 31.hxg3 Bxh3+ 32.Ke1 fxg3 33.Qxf8+ Rxf8 34.f3 Rf7 
35.Rxa5 Rfg7 36.Ra8+ Kf7 37.a5 g2 38.Ra7+ Ke6 0-1

[Event "52nd World U20 ch"]
[Site "Kocaeli TUR"]
[Date "2013.09.15"]
[Round "3.36"]
[White "Meza Ponce, Jerry"]
[Black "Ochsner, Bjorn Moller"]
[Result "0-1"]
[WhiteElo "2047"]
[BlackElo "2366"]
[EventDate "2013.09.13"]
[PlyCount "148"]

1.e4 c5 2.Nf3 d6 3.d3 Nc6 4.g3 g6 5.Bg2 Bg7 6.O-O e5 7.Nc3 Nge7 8.a3 O-O 
9.Rb1 a5 10.Nd2 a4 11.Nc4 Nd4 12.Be3 Be6 13.Nd5 Nxd5 14.exd5 Bc8 15.b4 
axb3 16.c3 b5 17.Nxd6 Qxd6 18.cxd4 exd4 19.Bf4 Be5 20.Bxe5 Qxe5 21.Re1 Qd6
22.Qxb3 Bd7 23.h4 Ra4 24.Qb2 Rfa8 25.Ra1 Qa6 26.Re7 Qd6 27.Ree1 R8a7 28.h5
Kg7 29.Be4 g5 30.Rec1 h6 31.Bf3 R4a5 32.Be4 Bg4 33.Rab1 Bd7 34.Rc2 Ra4 35.
Rbc1 Rc7 36.Kh2 Kf8 37.Bg2 Ra8 38.Be4 Re8 39.Bg2 Rcc8 40.Bf3 g4 41.Bg2 Re5
42.Kg1 Rxh5 43.Re2 Re5 44.Rec2 Kg7 45.Rd1 h5 46.Qc1 f6 47.Qd2 h4 48.Qf4 h3
49.Be4 f5 50.Bh1 Qe7 51.Kh2 Kg6 52.Rdc1 Re2 53.d6 Qe5 54.Rxe2 Qxe2 55.Bb7 
Rb8 56.Bd5 Rc8 57.Bb7 Rb8 58.Bd5 b4 59.Rxc5 b3 60.Rc7 Qe8 61.Rc1 b2 62.Rb1
Qe2 63.Qxd4 Qc2 64.Ba2 Qc6 65.Qd5 Qxd5 66.Bxd5 Ba4 67.Ba2 Bc2 68.Re1 Bxd3 
69.d7 Be4 70.Bb1 Kf6 71.Bxe4 fxe4 72.Rb1 Ke7 73.Kg1 Kxd7 74.Kf1 Kd6 0-1

[Event "52nd World U20 ch"]
[Site "Kocaeli TUR"]
[Date "2013.09.15"]
[Round "3.44"]
[White "Mesic, Vehid"]
[Black "Barros Rivadeneira, Cristhian"]
[Result "0-1"]
[WhiteElo "1576"]
[BlackElo "2271"]
[EventDate "2013.09.13"]
[PlyCount "124"]

1.e4 c5 2.d4 cxd4 3.c3 d3 4.Bxd3 g6 5.Nf3 Bg7 6.O-O Nc6 7.Be3 Nf6 8.h3 O-O
9.Nbd2 d6 10.Nd4 Bd7 11.f4 e5 12.Nxc6 Bxc6 13.fxe5 dxe5 14.Bc2 Nh5 15.Qg4 
Nf4 16.Bxf4 exf4 17.Nb3 Qb6+ 18.Kh1 a5 19.Rab1 a4 20.Nd2 Bb5 21.c4 Bc6 22.
Qxf4 Qd4 23.b3 axb3 24.Bxb3 Rad8 25.Rbd1 h6 26.c5 Kh7 27.Nc4 Qxc5 28.Rxd8 
Rxd8 29.Ne3 Re8 30.Nd5 f5 31.Qc7 Kh8 32.exf5 gxf5 33.Qb6 Qd6 34.Qb4 Qg3 
35.Qf4 Qxf4 36.Nxf4 Be4 37.Ne6 Be5 38.Nc5 Bc6 39.Ne6 Rg8 40.Rf2 Rg3 41.Kg1
f4 42.Kf1 f3 43.gxf3 Bb5+ 44.Ke1 Bc3+ 45.Kd1 Bd3 46.Kc1 Rg1+ 47.Bd1 Bb4 
48.Nf4 Bb5 49.Ne2 Re1 50.Ng3 Ba3+ 51.Kd2 Bb4+ 52.Kc1 Ba3+ 53.Kd2 Bb4+ 54.
Kc1 Bc5 55.Rh2 Ba3+ 56.Kd2 Bb4+ 57.Kc1 Ba3+ 58.Kd2 Bb4+ 59.Kc1 Bd6 60.Kd2 
Rg1 61.Ne2 Rxd1+ 62.Kxd1 Bxh2 0-1

[Event "52nd World U20 ch"]
[Site "Kocaeli TUR"]
[Date "2013.09.16"]
[Round "4.25"]
[White "Barros Rivadeneira, Cristhian"]
[Black "Nagy, Gabor"]
[Result "1/2-1/2"]
[WhiteElo "2271"]
[BlackElo "2457"]
[EventDate "2013.09.13"]
[PlyCount "138"]

1.d4 Nf6 2.Nf3 b6 3.Bg5 Bb7 4.Nbd2 g6 5.Bxf6 exf6 6.g3 Bg7 7.Bg2 O-O 8.O-O
f5 9.e3 d5 10.c3 Nd7 11.a4 a5 12.Qb1 c5 13.Rc1 Nf6 14.b4 axb4 15.cxb4 c4 
16.Qb2 Qe7 17.Nb1 Ne4 18.Nfd2 Nd6 19.Nc3 Qe6 20.a5 b5 21.a6 Rxa6 22.Rxa6 
Bxa6 23.Bxd5 Qd7 24.Ra1 Bc8 25.Ra8 h5 26.Qa1 h4 27.Qa7 hxg3 28.hxg3 Bb7 
29.Bxb7 Nxb7 30.Rb8 Rxb8 31.Qxb8+ Bf8 32.Nf3 f6 33.d5 Nd6 34.Nd4 Qe8 35.
Qxe8 Nxe8 36.Ncxb5 Bxb4 37.Kf1 Kf7 38.Ke2 Nd6 39.Nxd6+ Bxd6 40.Nc6 Ba3 41.
Kd1 Ke8 42.Kc2 Kd7 43.Kc3 Bc1 44.Kxc4 Bd2 45.Nb4 Kd6 46.Nc2 Ba5 47.f3 Bb6 
48.Nd4 Ke5 49.Nc6+ Kd6 50.e4 fxe4 51.fxe4 Bf2 52.g4 Bh4 53.Nd4 Bg5 54.Nf3 
Bf4 55.Nh4 g5 56.Nf5+ Kd7 57.Kc5 Bc1 58.Kb5 Ba3 59.Ne3 Bb2 60.Nc4 Bd4 61.
Kb4 Ba1 62.Kb3 Bd4 63.Kc2 Ke7 64.Kd2 Kd7 65.Na3 Be5 66.Nb5 Bf4+ 67.Kd3 Bh2
68.Nd4 Be5 69.Nf3 Bb2 1/2-1/2

[Event "52nd World U20 ch"]
[Site "Kocaeli TUR"]
[Date "2013.09.16"]
[Round "4.38"]
[White "Ter-Sahakyan, Samvel"]
[Black "Meza Ponce, Jerry"]
[Result "1-0"]
[WhiteElo "2575"]
[BlackElo "2047"]
[EventDate "2013.09.13"]
[PlyCount "83"]

1.e4 c5 2.Nf3 d6 3.d4 cxd4 4.Nxd4 Nf6 5.Nc3 g6 6.Be3 Bg7 7.f3 O-O 8.Qd2 
Bd7 9.h4 h5 10.O-O-O Nc6 11.Bc4 Ne5 12.Bb3 Rc8 13.Bg5 Rc5 14.Kb1 Re8 15.
Rhe1 Qa5 16.f4 Nc4 17.Bxc4 Rxc4 18.Nb3 Qa6 19.e5 Ng4 20.Nd5 Bf5 21.Nd4 
Rxd4 22.Qxd4 dxe5 23.fxe5 Qc6 24.Rd2 Kh7 25.Nxe7 Qe6 26.Nxf5 Qxf5 27.Bf4 
f6 28.e6 Rxe6 29.Rxe6 Qxe6 30.Qd5 Qe1+ 31.Rd1 Qxh4 32.g3 Qh2 33.Qxb7 Nh6 
34.Bxh6 Kxh6 35.Qf3 Qh3 36.Rh1 Qe6 37.g4 f5 38.Qf4+ Kh7 39.gxh5 g5 40.Qxg5
Qe5 41.Qc1 f4 42.c3 1-0

[Event "52nd World U20 ch"]
[Site "Kocaeli TUR"]
[Date "2013.09.17"]
[Round "5.34"]
[White "Uysal, Burak"]
[Black "Barros Rivadeneira, Cristhian"]
[Result "1/2-1/2"]
[WhiteElo "1928"]
[BlackElo "2271"]
[EventDate "2013.09.13"]
[PlyCount "60"]

1.e4 c5 2.Nf3 g6 3.d4 cxd4 4.Nxd4 Bg7 5.Nc3 Nc6 6.Be3 Nf6 7.Bc4 Qa5 8.O-O 
O-O 9.Bb3 d6 10.h3 Bd7 11.Re1 Rac8 12.Qe2 Rfe8 13.Rad1 b6 14.Nxc6 Bxc6 15.
Bd4 Qh5 16.Nd5 Qxe2 17.Rxe2 Nd7 18.c3 Bb5 19.Ree1 Nc5 20.Bc2 Na4 21.Bxg7 
Kxg7 22.Bxa4 Bxa4 23.Rd4 Bc6 24.a4 Bxd5 25.exd5 Rc5 26.Kf1 Kf8 27.Ree4 
Rec8 28.Rh4 Kg7 29.Rhe4 Kf8 30.Rh4 Kg7 1/2-1/2

[Event "52nd World U20 ch"]
[Site "Kocaeli TUR"]
[Date "2013.09.17"]
[Round "5.53"]
[White "Meza Ponce, Jerry"]
[Black "Percin, Onder"]
[Result "1-0"]
[WhiteElo "2047"]
[BlackElo "1838"]
[EventDate "2013.09.13"]
[PlyCount "58"]

1.b3 e5 2.Bb2 Nc6 3.e3 Nf6 4.Ne2 g6 5.d4 exd4 6.Nxd4 Bg7 7.Nc3 O-O 8.Qd2 
Re8 9.O-O-O Nxd4 10.Qxd4 Ne4 11.Qxg7+ Kxg7 12.Nxe4+ Kf8 13.Bf6 Re7 14.Bc4 
Qe8 15.Ng5 b5 16.Bxb5 c6 17.Bd3 h6 18.h4 Re6 19.Nxe6+ Qxe6 20.Bb2 a5 21.a4
d5 22.Rhe1 c5 23.e4 d4 24.Ba3 Qb6 25.f4 Kg7 26.f5 Rb8 27.g4 Bd7 28.e5 Rc8 
29.e6 Be8 1-0

[Event "52nd World U20 ch"]
[Site "Kocaeli TUR"]
[Date "2013.09.18"]
[Round "6.24"]
[White "Barros Rivadeneira, Cristhian"]
[Black "Ynojosa, Felix Jose"]
[Result "0-1"]
[WhiteElo "2271"]
[BlackElo "2439"]
[EventDate "2013.09.13"]
[PlyCount "56"]

1.Nf3 Nf6 2.d4 e6 3.Bg5 c5 4.c4 cxd4 5.Qxd4 Nc6 6.Qd3 h6 7.Bh4 g5 8.Bg3 
Qb6 9.Nc3 d5 10.O-O-O Bg7 11.Rd2 O-O 12.h4 g4 13.Ne5 Nh5 14.Nxc6 Qxc6 15.
cxd5 exd5 16.Rc2 d4 17.Ne4 Qg6 18.Nd6 Qxd3 19.exd3 Nxg3 20.fxg3 Be6 21.Be2
h5 22.Rc5 Rfd8 23.Nc4 Rac8 24.Rxh5 Bxc4 25.dxc4 d3 26.Bd1 d2+ 27.Kb1 Rxc4 
28.Bb3 Re8 0-1

[Event "52nd World U20 ch"]
[Site "Kocaeli TUR"]
[Date "2013.09.18"]
[Round "6.42"]
[White "Saiyn, Zhanat"]
[Black "Meza Ponce, Jerry"]
[Result "1-0"]
[WhiteElo "2337"]
[BlackElo "2047"]
[EventDate "2013.09.13"]
[PlyCount "137"]

1.d4 Nf6 2.c4 d6 3.Nc3 Nbd7 4.e4 e5 5.Nge2 a6 6.f3 Be7 7.Be3 c6 8.d5 cxd5 
9.cxd5 b5 10.Ng3 Nb6 11.a4 bxa4 12.Nxa4 Nxa4 13.Qxa4+ Bd7 14.Qd1 Qb8 15.
Qd2 Bb5 16.Bxb5+ Qxb5 17.Nf5 g6 18.Nxe7 Kxe7 19.Bg5 h6 20.Bxh6 Nd7 21.Ra5 
Qc4 22.Be3 Rac8 23.Kf2 Nc5 24.Ra3 Nb3 25.Qc3 Nd4 26.Qxc4 Rxc4 27.Bxd4 Rc2+
28.Kg3 exd4 29.Rxa6 Rb8 30.Ra2 Rb3 31.Rg1 Kf6 32.Kf4 g5+ 33.Kg4 Re3 34.Ra6
Ke5 35.Kxg5 Rc8 36.Kh6 d3 37.Kg7 d2 38.Raa1 f5 39.exf5 Kxf5 40.g4+ Kg5 41.
f4+ Kxf4 42.Raf1+ Ke4 43.g5 Rh3 44.g6 Rxh2 45.Kf7 Kxd5 46.g7 Re2 47.g8=Q 
Rxg8 48.Kxg8 Kc4 49.Kf7 Kb3 50.Rb1 d5 51.Kf6 d4 52.Kf5 Re8 53.Kf4 Re7 54.
Kf3 Re3+ 55.Kf2 Re6 56.Rgd1 Kc2 57.b4 Rb6 58.Rh1 Rb5 59.Ke2 Re5+ 60.Kf3 
Re8 61.b5 Kd3 62.Kf4 Ke2 63.b6 Rb8 64.b7 Kd3 65.Ke5 Re8+ 66.Kd6 Kc2 67.Kc7
Re7+ 68.Kb6 Re6+ 69.Ka7 1-0

[Event "52nd World U20 ch"]
[Site "Kocaeli TUR"]
[Date "2013.09.19"]
[Round "7.41"]
[White "Zor, Alber Kadir"]
[Black "Barros Rivadeneira, Cristhian"]
[Result "1/2-1/2"]
[WhiteElo "1948"]
[BlackElo "2271"]
[EventDate "2013.09.13"]
[PlyCount "120"]

1.d4 Nf6 2.Nf3 g6 3.c4 Bg7 4.Nc3 O-O 5.Bf4 d6 6.e3 c5 7.Be2 Nc6 8.d5 Na5 
9.O-O a6 10.Rc1 Bd7 11.e4 Nh5 12.Be3 b5 13.e5 Nxc4 14.Bxc4 bxc4 15.h3 dxe5
16.Ne4 Rb8 17.Qc2 Nf4 18.Rfd1 Bf5 19.Rb1 Nd3 20.Qxc4 Rb4 21.Qxd3 Bxe4 22.
Qa3 Bxb1 23.Rxb1 Qxd5 24.b3 e4 25.Nd2 f5 26.Rc1 f4 27.Bxc5 Rbb8 28.Nf1 e3 
29.fxe3 f3 30.g3 Qd3 31.Qa4 Qe2 32.Qc4+ Kh8 33.Rc2 Qe1 34.Bxe7 Rf5 35.g4 
f2+ 36.Kg2 Rfb5 37.Rxf2 R5b7 38.Bd6 Rd8 39.Qxa6 Rbd7 40.Bg3 Qa1 41.Qc6 Ra7
42.Qb6 Raa8 43.Bd6 Qb1 44.Ng3 Re8 45.Qc6 Qd3 46.Bf4 Rac8 47.Qf3 Rc2 48.
Rxc2 Qxc2+ 49.Qe2 Qb1 50.Qa6 Rd8 51.e4 Bd4 52.h4 Qg1+ 53.Kh3 Qf2 54.Qf1 
Qxf1+ 55.Nxf1 Ra8 56.a4 Rc8 57.b4 Rc3+ 58.Kg2 Rc2+ 59.Kg3 Rc3+ 60.Kg2 Rc2+
1/2-1/2

[Event "52nd World U20 ch"]
[Site "Kocaeli TUR"]
[Date "2013.09.19"]
[Round "7.49"]
[White "Meza Ponce, Jerry"]
[Black "Karabayir, Mustafa Yilmaz"]
[Result "0-1"]
[WhiteElo "2047"]
[BlackElo "1926"]
[EventDate "2013.09.13"]
[PlyCount "88"]

1.Nf3 Nf6 2.g3 d5 3.Bg2 c5 4.O-O Nc6 5.d3 e6 6.Nbd2 Be7 7.e4 O-O 8.Re1 Qc7
9.Nf1 Rd8 10.e5 Nd7 11.Bf4 Nf8 12.g4 b5 13.Bg3 a5 14.g5 d4 15.N1d2 Bb7 16.
Ne4 c4 17.dxc4 bxc4 18.Nd6 Bxd6 19.exd6 Qb6 20.Nxd4 Nxd4 21.Bxb7 Rab8 22.
Bg2 Nf5 23.Be5 Ng6 24.Bc3 Nf4 25.Qg4 Nxg2 26.Kxg2 Nxd6 27.a4 Rbc8 28.Rad1 
Qc6+ 29.Kg1 Nf5 30.Rxd8+ Rxd8 31.Bxa5 Ra8 32.Bc3 Rxa4 33.Rd1 Ra8 34.Qg2 
Qc8 35.Qe4 h6 36.gxh6 Nxh6 37.Rd6 Ra1+ 38.Kg2 Nf5 39.Rc6 Qd8 40.Rxc4 Qd1 
41.Rc8+ Kh7 42.Kh3 Qh5+ 43.Kg2 Qg6+ 44.Kf3 Rg1 0-1

[Event "52nd World U20 ch"]
[Site "Kocaeli TUR"]
[Date "2013.09.21"]
[Round "8.41"]
[White "Barros Rivadeneira, Cristhian"]
[Black "Bornheim, Craig"]
[Result "0-1"]
[WhiteElo "2271"]
[BlackElo "1973"]
[EventDate "2013.09.13"]
[PlyCount "64"]

1.e4 c5 2.Nf3 d6 3.d4 cxd4 4.Nxd4 Nf6 5.Nc3 a6 6.Be3 e6 7.g4 h6 8.f3 b5 9.
a3 Nbd7 10.Qd2 Qc7 11.O-O-O Rb8 12.h4 Ne5 13.Qg2 d5 14.exd5 Bxa3 15.Nc6 
Nxc6 16.dxc6 Qxc6 17.bxa3 Qxc3 18.Bd4 Qxa3+ 19.Bb2 Qe3+ 20.Kb1 Bb7 21.g5 
Nh5 22.Qh2 O-O 23.Bd3 Bxf3 24.Rde1 Qf4 25.Qxf4 Nxf4 26.Rhf1 Ng2 27.Rc1 
Nxh4 28.gxh6 f6 29.hxg7 Kxg7 30.c4 Rfd8 31.Rg1+ Kf7 32.Rc3 Rxd3 0-1

[Event "52nd World U20 ch"]
[Site "Kocaeli TUR"]
[Date "2013.09.21"]
[Round "8.51"]
[White "Sahin, Ozgun"]
[Black "Meza Ponce, Jerry"]
[Result "0-1"]
[WhiteElo "1857"]
[BlackElo "2047"]
[EventDate "2013.09.13"]
[PlyCount "66"]

1.e4 c5 2.Nf3 g6 3.c3 Bg7 4.d4 cxd4 5.cxd4 Nf6 6.Nc3 O-O 7.Bc4 Nxe4 8.
Bxf7+ Rxf7 9.Nxe4 d5 10.Neg5 Rf8 11.Ne5 Nc6 12.h4 Nxe5 13.dxe5 Qa5+ 14.Bd2
Qb6 15.Be3 Qxb2 16.Bd4 Qb4+ 17.Kf1 h6 18.Nh3 Bf5 19.Kg1 Rfc8 20.Be3 e6 21.
Rc1 h5 22.Nf4 Bxe5 23.g3 Rxc1 24.Qxc1 Qb2 25.Qd1 Qxa2 26.Bd4 Bxf4 27.gxf4 
Qc2 28.Qe1 Qe4 29.Qc3 e5 30.Bxe5 Rc8 31.Qb2 Rc2 32.Qa1 Qf3 33.Rh2 Rd2 0-1

[Event "52nd World U20 ch"]
[Site "Kocaeli TUR"]
[Date "2013.09.22"]
[Round "9.44"]
[White "Meza Ponce, Jerry"]
[Black "Barros Rivadeneira, Cristhian"]
[Result "0-1"]
[WhiteElo "2047"]
[BlackElo "2271"]
[EventDate "2013.09.13"]
[PlyCount "50"]

1.c3 Nf6 2.g3 g6 3.Bg2 Bg7 4.Nf3 O-O 5.O-O d6 6.d3 c5 7.Na3 Nc6 8.e4 Rb8 
9.Re1 Bg4 10.Nc4 b5 11.Ne3 Bxf3 12.Bxf3 b4 13.Qc2 Nd7 14.Bg2 Qb6 15.Nc4 
Qa6 16.f4 bxc3 17.bxc3 Nb6 18.Nb2 Rfc8 19.h4 Qa3 20.Nd1 Qa5 21.Kh2 c4 22.
Bd2 cxd3 23.Qxd3 Na4 24.Qf3 Nd4 25.Qd3 Nc5 0-1

[Event "52nd World U20 ch"]
[Site "Kocaeli TUR"]
[Date "2013.09.24"]
[Round "11.26"]
[White "Sunilduth Lyna, Narayanan"]
[Black "Barros Rivadeneira, Cristhian"]
[Result "1-0"]
[WhiteElo "2408"]
[BlackElo "2271"]
[EventDate "2013.09.13"]
[PlyCount "61"]

1.d4 Nf6 2.c4 g6 3.Nc3 Bg7 4.e4 d6 5.f3 O-O 6.Nge2 e5 7.Bg5 exd4 8.Nxd4 
Nc6 9.Nc2 Be6 10.Be2 h6 11.Bh4 Ne5 12.Ne3 Qd7 13.O-O g5 14.Bf2 Rae8 15.Nb5
Ng6 16.Re1 Nh5 17.Rb1 Nhf4 18.Bf1 Ne7 19.Nd5 Bxd5 20.cxd5 f5 21.Rc1 fxe4 
22.fxe4 c6 23.dxc6 bxc6 24.Nxd6 Rd8 25.Bc4+ Kh7 26.Nf7 Qxd1 27.Rcxd1 Rxd1 
28.Rxd1 Bxb2 29.Rd7 Nfg6 30.Bc5 Re8 31.Nd6 1-0

[Event "52nd World U20 ch"]
[Site "Kocaeli TUR"]
[Date "2013.09.24"]
[Round "11.47"]
[White "Cingoz, Ozan"]
[Black "Meza Ponce, Jerry"]
[Result "0-1"]
[WhiteElo "1918"]
[BlackElo "2047"]
[EventDate "2013.09.13"]
[PlyCount "75"]

1.e4 c5 2.Nf3 d6 3.d4 cxd4 4.Nxd4 Nf6 5.Nc3 g6 6.Be3 Bg7 7.f3 O-O 8.Qd2 
Nc6 9.O-O-O Bd7 10.g4 h5 11.h4 Ne5 12.Bg5 hxg4 13.f4 Nc6 14.Nde2 Nh5 15.e5
Bf5 16.Bg2 f6 17.Bd5+ Kh7 18.exf6 exf6 19.Rdg1 Qa5 20.Ng3 Ne7 21.Bb3 Rac8 
22.Qxd6 Qc5 23.Qd2 fxg5 24.hxg5 Bxc3 25.Qh2 Qd6 26.bxc3 Kg7 27.Nxh5+ gxh5 
28.Qxh5 Qg6 29.Qh2 Rxc3 30.Qd2 Rd3 31.cxd3 Rc8+ 32.Kd1 Qc6 33.Qb2+ Qc3 34.
Qxc3+ Rxc3 35.Rg3 Ng6 36.Kd2 Rc6 37.Ke3 Rd6 38.d4 0-1

[Event "52nd World U20 ch"]
[Site "Kocaeli TUR"]
[Date "2013.09.25"]
[Round "12.39"]
[White "Barros Rivadeneira, Cristhian"]
[Black "Vucic, Mihovil"]
[Result "1-0"]
[WhiteElo "2271"]
[BlackElo "2063"]
[EventDate "2013.09.13"]
[PlyCount "109"]

1.d4 d5 2.c4 e6 3.Nc3 Nf6 4.Bg5 Be7 5.Bxf6 Bxf6 6.Nf3 O-O 7.e3 b6 8.Qc2 
Bb7 9.cxd5 exd5 10.O-O-O Nd7 11.g4 g6 12.h4 Rc8 13.h5 Qe7 14.Bd3 c5 15.g5 
Bg7 16.Rh3 Rfe8 17.hxg6 fxg6 18.Bb5 a6 19.Bxd7 Qxd7 20.Rdh1 Bh8 21.Rxh7 
Qxh7 22.Rxh7 Kxh7 23.Qd3 b5 24.Ne5 Bxe5 25.dxe5 Rxe5 26.f4 Rf5 27.e4 Rxf4 
28.Qh3+ Kg8 29.Qe6+ Rf7 30.Nxd5 Kf8 31.Qd6+ Kg7 32.Qe5+ Kh7 33.Nf6+ Kg7 
34.Ne8+ Kg8 35.Nd6 Rf1+ 36.Kd2 Rcf8 37.Qe6+ Kg7 38.Qd7+ Kg8 39.Qe6+ Kg7 
40.Ne8+ Kh7 41.Nf6+ Kg7 42.e5 Rf2+ 43.Ke3 Rf3+ 44.Ke2 Rf7 45.Qe8 Rf8 46.
Qe7+ Rf7 47.Qd8 Rf8 48.Qc7+ Rf7 49.Qb8 R3xf6 50.gxf6+ Kh6 51.Ke3 Kg5 52.
Qd6 c4 53.Qe6 Rh7 54.f7 Bc8 55.Qf6+ 1-0

[Event "52nd World U20 ch"]
[Site "Kocaeli TUR"]
[Date "2013.09.25"]
[Round "12.43"]
[White "Meza Ponce, Jerry"]
[Black "Ferreira, Jorge Viterbo"]
[Result "1/2-1/2"]
[WhiteElo "2047"]
[BlackElo "2426"]
[EventDate "2013.09.13"]
[PlyCount "82"]

1.e4 c5 2.Nc3 Nc6 3.Nf3 g6 4.d4 cxd4 5.Nxd4 Bg7 6.Be3 Nf6 7.Bc4 O-O 8.Bb3 
a5 9.a4 Ng4 10.Qxg4 Nxd4 11.Qd1 Nxb3 12.cxb3 Ra6 13.O-O Re6 14.Bd4 f6 15.
Qd3 b6 16.Qb5 f5 17.Bxg7 Kxg7 18.Rfe1 Bb7 19.Rad1 Bc6 20.Qc4 f4 21.f3 Qb8 
22.b4 axb4 23.Qxb4 Qe5 24.Qd4 Ra8 25.Re2 Qxd4+ 26.Rxd4 Re5 27.Rb4 Rc5 28.
Rd2 Rb8 29.Kf2 d6 30.g3 fxg3+ 31.hxg3 Rb7 32.Nd5 Ra5 33.Rxb6 Bxd5 34.Rxd5 
Rxb6 35.Rxa5 Rxb2+ 36.Ke3 Rb3+ 37.Ke2 h5 38.e5 dxe5 39.Rxe5 Kf6 40.Ra5 Ra3
41.Ra8 g5 1/2-1/2

[Event "52nd World U20 ch"]
[Site "Kocaeli TUR"]
[Date "2013.09.26"]
[Round "13.34"]
[White "Nuri, Murad"]
[Black "Barros Rivadeneira, Cristhian"]
[Result "1-0"]
[WhiteElo "2206"]
[BlackElo "2271"]
[EventDate "2013.09.13"]
[PlyCount "69"]

1.e4 e5 2.Nf3 d6 3.d4 exd4 4.Nxd4 g6 5.Nc3 Bg7 6.h4 Nf6 7.Be2 Qe7 8.Bg5 h6
9.Be3 Nxe4 10.Nxe4 Qxe4 11.Bf3 Qe7 12.Qd2 Nd7 13.O-O-O Ne5 14.Be2 Be6 15.
Rhe1 O-O-O 16.Qa5 a6 17.Bxa6 bxa6 18.Qxa6+ Kd7 19.f4 Rb8 20.fxe5 Bxe5 21.
Qa4+ Kc8 22.b3 Bd7 23.Qa6+ Kd8 24.Bd2 Qf6 25.Bc3 Re8 26.Rf1 Qg7 27.Qc4 f6 
28.Ba5 Rc8 29.Nf3 Bg3 30.Rd3 Qg8 31.Qc3 Qe6 32.Nd4 Qe1+ 33.Rxe1 Bxe1 34.
Nc6+ Bxc6 35.Qxc6 1-0

[Event "52nd World U20 ch"]
[Site "Kocaeli TUR"]
[Date "2013.09.26"]
[Round "13.45"]
[White "Vucic, Mihovil"]
[Black "Meza Ponce, Jerry"]
[Result "1/2-1/2"]
[WhiteElo "2063"]
[BlackElo "2047"]
[EventDate "2013.09.13"]
[PlyCount "129"]

1.e4 c5 2.Nf3 Nc6 3.c3 Nf6 4.e5 Nd5 5.d4 cxd4 6.cxd4 e6 7.Bc4 Nb6 8.Bd3 d6
9.O-O Be7 10.Nc3 d5 11.Re1 O-O 12.Bc2 f5 13.exf6 Bxf6 14.a3 Nc4 15.Bf4 g6 
16.b3 Nd6 17.Ne5 Bxe5 18.Bxe5 Nxe5 19.Rxe5 Bd7 20.Qd2 Rc8 21.a4 Qf6 22.Re3
a6 23.h3 Qg5 24.Rae1 Rf7 25.Bb1 Rcf8 26.R1e2 Kg7 27.Nd1 Nc8 28.Nb2 Ne7 29.
b4 Qh4 30.Rd3 Nf5 31.Kh2 Rc8 32.g3 Qe7 33.Rb3 Nd6 34.Rc3 Rff8 35.Rxc8 Rxc8
36.Qf4 Nf7 37.Nd3 b6 38.a5 Bb5 39.axb6 Bxd3 40.Bxd3 Rc6 41.Bxa6 Rxb6 42.b5
Qf6 43.Qe3 Nh6 44.Qc3 Qd8 45.Rc2 Nf5 46.Qe1 Qd6 47.Qe5+ Qxe5 48.dxe5 Nd4 
49.Rc5 Nf3+ 50.Kg2 Nxe5 51.f4 Nc4 52.g4 Kf6 53.Kf3 h5 54.g5+ Ke7 55.Rc7+ 
Kf8 56.Ke2 Nd6 57.Rc5 Ke7 58.Kd3 Kd7 59.Kd4 Rb8 60.Ke3 Ne4 61.Rc2 Nd6 62.
Rc5 Rb6 63.Kd4 Rb8 64.Ke3 Rb6 65.Kd4 1/2-1/2